[Event "FIN-chT 2223"]
[Site "Finland"]
[Date "2022.10.16"]
[Round "4.3"]
[White "Ristoja, Jan"]
[Black "Wallin, Aleksi"]
[Result "1-0"]
[WhiteElo "2212"]
[BlackElo "2175"]
[PlyCount "119"]
[EventDate "2022.09.24"]
[EventType "team-tourn"]
[EventRounds "11"]
[EventCountry "FIN"]
[SourceTitle "EXT 2024"]
[Source "ChessBase"]
[SourceDate "2023.10.10"]
[SourceVersion "1"]
[SourceVersionDate "2023.10.10"]
[SourceQuality "1"]
[WhiteTeam "Gambiitti"]
[BlackTeam "Raahe Li"]
[WhiteTeamCountry "FIN"]
[BlackTeamCountry "FIN"]

1. e4 e5 2. Nf3 Nf6 3. Nxe5 d6 4. Nf3 Nxe4 5. Nc3 Nxc3 6. dxc3 Be7 7. Bf4 0-0 8. Qd2 Nd7 9. 0-0-0 Nc5 10. Bc4 Be6 11. Bxe6 Nxe6 12. Kb1 Qd7 13. h4 Rfe8 14. Bg5 Qc6 15. Rh3 Bf8 16. Be3 a5 17. h5 a4 18. Rg3 Ra5 19. h6 g6 20. a3 Rh5 21. Qe2 Nf4 22. Qf1 Nd5 23. Bc1 Bxh6 24. Nd4 Qd7 25. Bxh6 Rxh6 26. Rg5 Nf6 27. g4 Ne4 28. Ra5 c5 29. Nb5 d5 30. f3 Ng5 31. c4 d4 32. Nxd4 Qc7 33. Rb5 cxd4 34. Rxg5 Qf4 35. Rb5 Re3 36. c5 Rxf3 37. Qc4 g5 38. Rxb7 Rc6 39. Qd5 Qf6 40. Rxd4 Rf1+ 41. Ka2 Rf4 42. Rbb4 Rxd4 43. Rxd4 Qe6 44. c4 h6 45. Qxe6 fxe6 46. b4 axb3+ 47. Kxb3 Rxc5 48. Kb4 Rc8 49. Rd7 Rb8+ 50. Kc5 Ra8 51. Kb6 Rxa3 52. c5 Rb3+ 53. Kc7 Rb4 54. Kd6 h5 55. gxh5 g4 56. c6 Rd4+ 57. Ke5 Rc4 58. c7 g3 59. Rd8+ Kh7 60. c8Q 1-0

[Event "FIN-chT 2022"]
[Site "Finland"]
[Date "2022.04.10"]
[Round "2.3"]
[White "Lahdelma, Henri"]
[Black "Ristoja, Jan"]
[Result "0-1"]
[WhiteElo "2243"]
[BlackElo "2240"]
[PlyCount "62"]
[EventDate "2020.09.12"]
[EventType "team-tourn"]
[EventRounds "11"]
[EventCountry "FIN"]
[SourceTitle "EXT 2023"]
[Source "ChessBase"]
[SourceDate "2022.10.05"]
[SourceVersion "1"]
[SourceVersionDate "2022.10.05"]
[SourceQuality "1"]
[WhiteTeam "Espoo MatSK"]
[BlackTeam "Gambiitti"]
[WhiteTeamCountry "FIN"]
[BlackTeamCountry "FIN"]

1. c4 Nf6 2. g3 g6 3. Bg2 Bg7 4. Nc3 d6 5. Rb1 a5 6. a3 e5 7. b4 axb4 8. axb4 Nc6 9. e3 Be6 10. d3 d5 11. b5 Ne7 12. cxd5 Nexd5 13. Nge2 0-0 14. 0-0 Qd7 15. Qc2 Bh3 16. e4 Nxc3 17. Nxc3 Rfd8 18. Rd1 Be6 19. Bb2 h5 20. Ne2 Qxb5 21. Ba1 Qa5 22. Rxb7 Ne8 23. f4 Qa2 24. Qxa2 Rxa2 25. Rb2 Ra3 26. Rbd2 Bg4 27. Kf1 exf4 28. Bxg7 Nxg7 29. gxf4 Ne6 30. f5 Nd4 31. fxg6 fxg6 0-1

[Event "FIN-chT1B 1819"]
[Site "Finland"]
[Date "2018.12.08"]
[Round "4.2"]
[White "Ristoja, Jan"]
[Black "Lahdelma, Henri"]
[Result "1/2-1/2"]
[WhiteElo "2251"]
[BlackElo "2109"]
[PlyCount "86"]
[EventDate "2018.09.15"]
[EventType "team-tourn"]
[EventRounds "7"]
[EventCountry "FIN"]
[SourceTitle "EXT 2020"]
[Source "ChessBase"]
[SourceDate "2019.10.17"]
[SourceVersion "1"]
[SourceVersionDate "2019.10.17"]
[SourceQuality "1"]
[WhiteTeam "Vantaa Gambitti"]
[BlackTeam "Espoo MatSK II"]
[WhiteTeamCountry "FIN"]
[BlackTeamCountry "FIN"]

1. c4 Nf6 2. g3 g6 3. Bg2 Bg7 4. Nc3 0-0 5. e4 d6 6. Nge2 c5 7. d3 Nc6 8. 0-0 a6 9. h3 Rb8 10. f4 Nd7 11. a4 b6 12. Be3 Bb7 13. d4 cxd4 14. Nxd4 Nc5 15. Rb1 Qd7 16. b3 Rfd8 17. Nde2 Nb4 18. Qd2 e6 19. g4 d5 20. cxd5 exd5 21. e5 f6 22. e6 Qxe6 23. Nd4 Qe7 24. f5 Ne4 25. Nxe4 dxe4 26. Qf2 Nd3 27. Qg3 Qe5 28. Qxe5 Nxe5 29. Ne6 Rd3 30. Bxb6 Nf3+ 31. Bxf3 exf3 32. Rfd1 Be4 33. Rxd3 Bxd3 34. Rd1 Bc2 35. Rd7 Bh6 36. Ba7 Rc8 37. Kf2 gxf5 38. Nd4 fxg4 39. hxg4 Be4 40. Re7 Bd5 41. Rd7 Be4 42. Re7 Bd5 43. Rd7 Be4 1/2-1/2

[Event "FIN-chT1B 1718"]
[Site "Finland"]
[Date "2017.09.17"]
[Round "2.2"]
[White "Aijala, Jouko"]
[Black "Ristoja, Jan"]
[Result "0-1"]
[WhiteElo "2086"]
[BlackElo "2267"]
[PlyCount "136"]
[EventDate "2017.09.16"]
[EventType "team-tourn"]
[EventRounds "7"]
[EventCountry "FIN"]
[SourceTitle "EXT 2020"]
[Source "ChessBase"]
[SourceDate "2019.10.17"]
[SourceVersion "1"]
[SourceVersionDate "2019.10.17"]
[SourceQuality "1"]
[WhiteTeam "Lahti S"]
[BlackTeam "Helsinki Garde"]
[WhiteTeamCountry "FIN"]
[BlackTeamCountry "FIN"]

1. c4 e5 2. Nc3 Nf6 3. Nf3 Nc6 4. g3 Bb4 5. Bg2 Bxc3 6. bxc3 Qe7 7. 0-0 d6 8. Rb1 0-0 9. d3 Rb8 10. Ne1 e4 11. Nc2 h6 12. Ne3 Qe5 13. Nd5 Nxd5 14. cxd5 Qxd5 15. c4 Qh5 16. Bxe4 Bg4 17. Re1 Nd4 18. f3 Bd7 19. Be3 Ne6 20. f4 Bc6 21. Bxc6 bxc6 22. Qd2 c5 23. Rb2 Rb6 24. Reb1 Rfb8 25. a4 a6 26. Bf2 Rb4 27. Kg2 a5 28. e3 f5 29. Qc2 Qe8 30. d4 Rxb2 31. Rxb2 Rxb2 32. Qxb2 Qxa4 33. Qb8+ Nf8 34. Qxc7 Qxc4 35. Qxa5 Ne6 36. Qa8+ Kf7 37. Qc6 Ke7 38. Qb7+ Kf6 39. Qc6 d5 40. dxc5 Qxc5 41. Qa6 Qc2 42. Qd6 Qe4+ 43. Kf1 Kf7 44. h3 g5 45. Qd7+ Kf6 46. fxg5+ hxg5 47. h4 gxh4 48. gxh4 Qb1+ 49. Kg2 Qd1 50. Qc8 Qg4+ 51. Kf1 f4 52. exf4 Qd1+ 53. Be1 Kf5 54. Qd7 Qf3+ 55. Bf2 Qh1+ 56. Ke2 Qe4+ 57. Kf1 Kg4 58. Qc8 Qh1+ 59. Ke2 Qf3+ 60. Kf1 Qh3+ 61. Ke2 Kxf4 62. Qc1+ Kg4 63. Qe3 Nf4+ 64. Kd2 Qg2 65. Qd4 Kf5 66. Ke3 Ne6 67. Qd3+ Ke5 68. Kd2 Qxf2+ 0-1

[Event "FIN-chT 1617"]
[Site "Finland"]
[Date "2017.02.04"]
[Round "7.1"]
[White "Ristoja, Jan"]
[Black "Sklyarov, Dmitry V"]
[Result "0-1"]
[WhiteElo "2278"]
[BlackElo "2437"]
[PlyCount "96"]
[EventDate "2016.09.17"]
[EventType "team-tourn"]
[EventRounds "11"]
[EventCountry "FIN"]
[SourceTitle "EXT 2022"]
[Source "ChessBase"]
[SourceDate "2021.10.06"]
[SourceVersion "1"]
[SourceVersionDate "2021.10.06"]
[SourceQuality "1"]
[WhiteTeam "Helsinki Garde"]
[BlackTeam "Jyvaskyla JyS"]
[WhiteTeamCountry "FIN"]
[BlackTeamCountry "FIN"]

1. c4 e5 2. g3 Nc6 3. Bg2 Bc5 4. Nc3 d6 5. e3 Nge7 6. Nge2 a6 7. 0-0 Ba7 8. b3 0-0 9. d4 exd4 10. Nxd4 Nxd4 11. exd4 Nf5 12. Ne2 c6 13. Qd2 Re8 14. Bb2 d5 15. c5 Bb8 16. Rfe1 Bd7 17. Nf4 Qg5 18. Rxe8+ Bxe8 19. Re1 Bxf4 20. Qxf4 Qxf4 21. gxf4 Kf8 22. Bh3 Nh4 23. Re3 f6 24. f3 Ng6 25. Bc1 Rd8 26. Bf5 Ne7 27. Bh3 Bd7 28. Bf1 Re8 29. Kf2 Nf5 30. Rxe8+ Kxe8 31. Bb2 Ne7 32. b4 Bf5 33. a4 Bc2 34. b5 Bxa4 35. bxa6 bxa6 36. Bc3 Bb5 37. Bh3 f5 38. Ke3 g6 39. Bg2 Ng8 40. h4 Nh6 41. Ba5 Nf7 42. Bc7 Kd7 43. Be5 a5 44. Kd2 Nd8 45. Kc2 Ne6 46. Bh3 Be2 47. Bg2 Kc8 48. Kb3 Kb7 0-1

[Event "FIN-chT 1516"]
[Site "Finland"]
[Date "2015.11.08"]
[Round "6.3"]
[White "Puranen, Jukka"]
[Black "Ristoja, Jan"]
[Result "1/2-1/2"]
[WhiteElo "2243"]
[BlackElo "2255"]
[PlyCount "40"]
[EventDate "2015.09.12"]
[EventType "team-tourn"]
[EventRounds "11"]
[EventCountry "FIN"]
[SourceTitle "EXT 2017"]
[Source "ChessBase"]
[SourceDate "2016.10.25"]
[SourceVersion "1"]
[SourceVersionDate "2016.10.25"]
[SourceQuality "1"]
[WhiteTeam "Kotka KymS"]
[BlackTeam "Helsinki Garde"]
[WhiteTeamCountry "FIN"]
[BlackTeamCountry "FIN"]

1. d4 Nf6 2. Bg5 Ne4 3. Bf4 d6 4. f3 Nf6 5. e4 Nbd7 6. Bc4 e5 7. Be3 Be7 8. Ne2 c6 9. c3 0-0 10. Bb3 d5 11. Nd2 Re8 12. Ng3 Bf8 13. 0-0 b6 14. Re1 Bb7 15. exd5 Nxd5 16. Bf2 exd4 17. cxd4 g6 18. Nc4 f5 19. a3 Rxe1+ 20. Qxe1 Qe7 1/2-1/2

[Event "Helsinki Rapid SM"]
[Site "Helsinki"]
[Date "2015.10.31"]
[Round "7.1"]
[White "Ristoja, Jan"]
[Black "Halmeenmaki, Tuomo"]
[Result "1/2-1/2"]
[WhiteElo "2270"]
[BlackElo "2151"]
[PlyCount "39"]
[EventDate "2015.10.31"]
[EventType "swiss (rapid)"]
[EventRounds "7"]
[EventCountry "FIN"]
[SourceTitle "EXT 2022"]
[Source "ChessBase"]
[SourceDate "2021.10.06"]
[SourceVersion "1"]
[SourceVersionDate "2021.10.06"]
[SourceQuality "1"]

1. c4 Nf6 2. g3 g6 3. Bg2 Bg7 4. Nc3 0-0 5. e4 d6 6. Nge2 e5 7. d3 c6 8. h3 a6 9. a4 a5 10. Bg5 Na6 11. Qd2 Nc5 12. Rd1 Qb6 13. 0-0 Nb3 14. Qc2 h6 15. Be3 Nd4 16. Qd2 Kh7 17. Kh1 Nd7 18. Nc1 Nc5 19. f4 f5 20. Rf2 1/2-1/2

[Event "Helsinki Rapid SM"]
[Site "Helsinki"]
[Date "2015.10.31"]
[Round "5.1"]
[White "Ristoja, Jan"]
[Black "Jarvenpaa, Jari"]
[Result "1-0"]
[WhiteElo "2270"]
[BlackElo "2302"]
[PlyCount "120"]
[EventDate "2015.10.31"]
[EventType "swiss (rapid)"]
[EventRounds "7"]
[EventCountry "FIN"]
[SourceTitle "EXT 2022"]
[Source "ChessBase"]
[SourceDate "2021.10.06"]
[SourceVersion "1"]
[SourceVersionDate "2021.10.06"]
[SourceQuality "1"]

1. c4 e5 2. g3 Nf6 3. Bg2 Nc6 4. d3 d5 5. cxd5 Nxd5 6. Nf3 Be7 7. Nc3 Be6 8. Bd2 0-0 9. 0-0 Nb6 10. Rc1 f5 11. a3 a5 12. Be3 f4 13. Bxb6 cxb6 14. Ne4 g5 15. Qa4 g4 16. Rxc6 bxc6 17. Nxe5 f3 18. exf3 gxf3 19. Bxf3 Rxf3 20. Nxf3 c5 21. Ne5 Kh8 22. Re1 Bf8 23. Qc6 Bd5 24. Qf6+ Bg7 25. Qxd8+ Rxd8 26. f4 Bxe4 27. Rxe4 Bxe5 28. fxe5 Kg7 29. e6 Re8 30. a4 Re7 31. Kf2 Kf8 32. Ke3 Rc7 33. e7+ Ke8 34. b3 Rd7 35. d4 cxd4+ 36. Rxd4 Rc7 37. Rc4 Rb7 38. Rh4 b5 39. Rxh7 Rb6 40. Kd3 bxa4 41. bxa4 Rb3+ 42. Ke2 Ra3 43. Rh4 Kxe7 44. Kf2 Kf6 45. Kg2 Kg5 46. Rf4 Ra2+ 47. Kh3 Kg6 48. Rc4 Kf6 49. g4 Ke6 50. Kg3 Kd5 51. Rf4 Ke6 52. h3 Ra3+ 53. Kh4 Ra1 54. Kg5 Ra3 55. h4 Rd3 56. Rf6+ Ke7 57. Rf5 Rd8 58. Rxa5 Rg8+ 59. Kf4 Rc8 60. h5 Rc4+ 1-0

[Event "Helsinki Rapid SM"]
[Site "Helsinki"]
[Date "2015.10.31"]
[Round "1.3"]
[White "Ristoja, Jan"]
[Black "Kopsa, Petri"]
[Result "1-0"]
[WhiteElo "2270"]
[BlackElo "1987"]
[PlyCount "47"]
[EventDate "2015.10.31"]
[EventType "swiss (rapid)"]
[EventRounds "7"]
[EventCountry "FIN"]
[SourceTitle "EXT 2022"]
[Source "ChessBase"]
[SourceDate "2021.10.06"]
[SourceVersion "1"]
[SourceVersionDate "2021.10.06"]
[SourceQuality "1"]

1. c4 b6 2. Nc3 e6 3. e4 Bb7 4. Nge2 f5 5. exf5 Nf6 6. fxe6 Bd6 7. exd7+ Nbxd7 8. d4 0-0 9. c5 Be7 10. h3 Kh8 11. cxb6 Nxb6 12. Nf4 Bd6 13. Be2 Bxf4 14. Bxf4 Bxg2 15. Rg1 Bxh3 16. Qd2 Nbd5 17. Be5 Nxc3 18. Qxc3 Bf5 19. 0-0-0 Qd7 20. Rg5 Bg6 21. Rh1 Ne4 22. Qc2 Nxf2 23. Qxg6 Nxh1 24. Bxg7+ 1-0

[Event "FIN-chT1A 1415"]
[Site "Finland"]
[Date "2014.11.16"]
[Round "4.4"]
[White "Karvinen, Kimmo"]
[Black "Ristoja, Jan"]
[Result "0-1"]
[WhiteElo "2064"]
[BlackElo "2244"]
[PlyCount "124"]
[EventDate "2014.09.27"]
[EventType "team-tourn"]
[EventRounds "7"]
[EventCountry "FIN"]
[SourceTitle "EXT 2017"]
[Source "ChessBase"]
[SourceDate "2016.10.25"]
[SourceVersion "1"]
[SourceVersionDate "2016.10.25"]
[SourceQuality "1"]
[WhiteTeam "Vantaa Remi"]
[BlackTeam "Helsinki Garde"]
[WhiteTeamCountry "FIN"]
[BlackTeamCountry "FIN"]

1. e4 g6 2. f4 Bg7 3. Nf3 d5 4. e5 c5 5. Bb5+ Kf8 6. d4 Qa5+ 7. Nc3 Bg4 8. dxc5 e6 9. a3 Nc6 10. Bxc6 bxc6 11. b4 Qa6 12. h3 Bxf3 13. Qxf3 h5 14. Ne2 Ne7 15. Nd4 Nf5 16. Nxf5 gxf5 17. Qe2 Qxe2+ 18. Kxe2 f6 19. Bb2 fxe5 20. fxe5 h4 21. Bd4 Rh5 22. Kf2 Rg5 23. Rab1 Ke7 24. b5 Kd7 25. b6 Rg3 26. c3 Bh6 27. Rb2 a5 28. b7 Rb8 29. Rhb1 Kc7 30. Rb6 Bd2 31. R1b3 f4 32. a4 f3 33. gxf3 Rxh3 34. Be3 Rh2+ 35. Kg1 Re2 36. Bxd2 Rxd2 37. Rb2 Rd1+ 38. Kh2 h3 39. Rb1 Rd2+ 40. Kxh3 Rd3 41. Kg4 Rxc3 42. f4 Rxc5 43. Kg5 Rc4 44. f5 exf5 45. Kf6 Rxa4 46. R6b3 c5 47. Ke6 Rb4 48. Rxb4 cxb4 49. Rc1+ Kxb7 50. Kxd5 Rd8+ 51. Ke6 Re8+ 52. Kd6 Kb6 53. e6 Kb5 54. Rc5+ Ka4 55. Rxf5 b3 56. Kd5 b2 57. Rf1 Kb3 58. Kd4 Rxe6 59. Rf3+ Ka2 60. Rf2 Ka1 61. Kc3 Rc6+ 62. Kb3 b1Q+ 0-1

[Event "FIN-chT1A 1415"]
[Site "Finland"]
[Date "2014.10.18"]
[Round "2.3"]
[White "Sorvari, Jarmo"]
[Black "Ristoja, Jan"]
[Result "0-1"]
[WhiteElo "2025"]
[BlackElo "2244"]
[PlyCount "64"]
[EventDate "2014.09.27"]
[EventType "team-tourn"]
[EventRounds "7"]
[EventCountry "FIN"]
[SourceTitle "EXT 2017"]
[Source "ChessBase"]
[SourceDate "2016.10.25"]
[SourceVersion "1"]
[SourceVersionDate "2016.10.25"]
[SourceQuality "1"]
[WhiteTeam "Tampere Tammer II"]
[BlackTeam "Helsinki Garde"]
[WhiteTeamCountry "FIN"]
[BlackTeamCountry "FIN"]

1. d4 Nf6 2. c4 e6 3. Nc3 Bb4 4. f3 c5 5. d5 Bxc3+ 6. bxc3 d6 7. e4 e5 8. Bd3 Nbd7 9. Ne2 0-0 10. Be3 Re8 11. Qd2 Nf8 12. g4 Ng6 13. Ng3 h6 14. g5 Nh7 15. gxh6 Nh4 16. 0-0 g5 17. Kh1 Qf6 18. Qe2 Qxh6 19. Rg1 Kh8 20. Rab1 b6 21. Nf5 Bxf5 22. exf5 Rg8 23. Rg3 Rg7 24. Rbg1 Rag8 25. Qd2 Qh5 26. Be4 Nf6 27. Rxg5 Rxg5 28. Rxg5 Rxg5 29. Bxg5 Nxe4 30. fxe4 Qf3+ 31. Kg1 Qg4+ 32. Kh1 Qxe4+ 0-1

[Event "FIN-chT 1314"]
[Site "Finland"]
[Date "2013.11.03"]
[Round "6.2"]
[White "Ristoja, Jan"]
[Black "Volodin, Aleksandr"]
[Result "0-1"]
[WhiteElo "2260"]
[BlackElo "2481"]
[PlyCount "52"]
[EventDate "2013.09.21"]
[EventType "team-tourn"]
[EventRounds "11"]
[EventCountry "FIN"]
[SourceTitle "EXT 2014"]
[Source "ChessBase"]
[SourceDate "2013.11.20"]
[SourceVersion "1"]
[SourceVersionDate "2013.11.20"]
[SourceQuality "1"]
[WhiteTeam "Helsinki Garde"]
[BlackTeam "Sastamala VammSK"]
[WhiteTeamCountry "FIN"]
[BlackTeamCountry "FIN"]

1. e4 c5 2. Nf3 e6 3. d4 cxd4 4. Nxd4 Nc6 5. Nc3 Qc7 6. Be3 Nf6 7. Qd2 Bb4 8. f3 Nxd4 9. Qxd4 Bxc3+ 10. bxc3 0-0 11. e5 Nd5 12. Bd2 f6 13. exf6 Rxf6 14. Bd3 Nf4 15. 0-0 Nxd3 16. cxd3 b6 17. Rae1 Bb7 18. Re5 Raf8 19. Rfe1 h6 20. h4 Rg6 21. h5 Rgf6 22. c4 R8f7 23. R1e2 Qc6 24. Qe4 Qxe4 25. dxe4 Ba6 26. Be1 d6 0-1

[Event "FIN-chT 1314"]
[Site "Finland"]
[Date "2013.10.13"]
[Round "4.2"]
[White "Sepp, Olav"]
[Black "Ristoja, Jan"]
[Result "1-0"]
[WhiteElo "2434"]
[BlackElo "2260"]
[PlyCount "45"]
[EventDate "2013.09.21"]
[EventType "team-tourn"]
[EventRounds "11"]
[EventCountry "FIN"]
[SourceTitle "EXT 2014"]
[Source "ChessBase"]
[SourceDate "2013.11.20"]
[SourceVersion "1"]
[SourceVersionDate "2013.11.20"]
[SourceQuality "1"]
[WhiteTeam "Vantaa EtVaS"]
[BlackTeam "Helsinki Garde"]
[WhiteTeamCountry "FIN"]
[BlackTeamCountry "FIN"]

1. Nf3 c5 2. c4 Nc6 3. Nc3 Nf6 4. g3 g6 5. d4 cxd4 6. Nxd4 Bg7 7. Bg2 0-0 8. 0-0 Nxd4 9. Qxd4 d6 10. Qd3 Rb8 11. Bd2 Be6 12. b3 Nd7 13. e4 a6 14. Rac1 Qa5 15. Nd5 Qxa2 16. Nxe7+ Kh8 17. Bc3 Ne5 18. Qxd6 Rbd8 19. Qb4 f6 20. Bxe5 fxe5 21. Nd5 Rd7 22. Qb6 Bxd5 23. cxd5 1-0

[Event "FIN-chT 1314"]
[Site "Finland"]
[Date "2013.10.12"]
[Round "3.3"]
[White "Solozhenkin, Evgeniy"]
[Black "Ristoja, Jan"]
[Result "1-0"]
[WhiteElo "2469"]
[BlackElo "2260"]
[PlyCount "87"]
[EventDate "2013.09.21"]
[EventType "team-tourn"]
[EventRounds "11"]
[EventCountry "FIN"]
[SourceTitle "EXT 2014"]
[Source "ChessBase"]
[SourceDate "2013.11.20"]
[SourceVersion "1"]
[SourceVersionDate "2013.11.20"]
[SourceQuality "1"]
[WhiteTeam "Espoo MatSK"]
[BlackTeam "Helsinki Garde"]
[WhiteTeamCountry "FIN"]
[BlackTeamCountry "FIN"]

1. d4 d6 2. e4 Nf6 3. Nc3 g6 4. g3 Bg7 5. Bg2 0-0 6. Nge2 Na6 7. h3 c5 8. Be3 cxd4 9. Bxd4 Bd7 10. 0-0 Bc6 11. Nd5 e6 12. Nxf6+ Bxf6 13. c4 Bxd4 14. Qxd4 Qe7 15. Rad1 Rfd8 16. Nc3 Nc7 17. Rfe1 Qf8 18. Qe3 e5 19. f4 Ne6 20. f5 Nd4 21. Rf1 a5 22. Rf2 Rd7 23. h4 gxf5 24. exf5 f6 25. Ne2 Nxe2+ 26. Rxe2 Kh8 27. Red2 Rad8 28. Bd5 Qg7 29. Qf3 Rg8 30. Kh2 Qg4 31. Qxg4 Rxg4 32. Be6 Rdg7 33. Rxd6 h5 34. Rd8+ Kh7 35. R8d3 Re4 36. R1d2 Re1 37. Bd5 Rf1 38. Bxc6 bxc6 39. Rd6 Rxf5 40. Rxc6 Rf3 41. Rg2 f5 42. Rc5 e4 43. Rxa5 e3 44. Re5 1-0

[Event "Hameenlinna We HamSK"]
[Site "Hameenlinna"]
[Date "2013.??.??"]
[Round "1"]
[White "Ristoja, Jan"]
[Black "Raki, Jyrki"]
[Result "1/2-1/2"]
[WhiteElo "2262"]
[BlackElo "2006"]
[PlyCount "81"]
[EventDate "2013.??.??"]
[EventType "swiss"]
[EventRounds "5"]
[EventCountry "FIN"]
[SourceTitle "EXT 2022"]
[Source "ChessBase"]
[SourceDate "2021.10.06"]
[SourceVersion "1"]
[SourceVersionDate "2021.10.06"]
[SourceQuality "1"]

1. c4 Nf6 2. g3 g6 3. Bg2 Bg7 4. Nc3 0-0 5. e4 e5 6. Nge2 Nc6 7. d3 d6 8. h3 Nd4 9. Nxd4 exd4 10. Ne2 c5 11. 0-0 Ne8 12. Rb1 Nc7 13. a3 Rb8 14. f4 f5 15. exf5 Bxf5 16. g4 Bd7 17. Ng3 Bc6 18. Ne4 b5 19. cxb5 Rxb5 20. b4 Kh8 21. Qc2 Ba8 22. bxc5 Bxe4 23. Bxe4 Rxc5 24. Qa4 Qh4 25. Kh2 h5 26. Qd1 g5 27. gxh5 gxf4 28. Qg4 Rxh5 29. Qxh4 Rxh4 30. Rb7 Ne6 31. Rxa7 Be5 32. Kg2 Ng5 33. Bd5 Rxh3 34. Kf2 Rc8 35. Ra8 Rxa8 36. Bxa8 Rxd3 37. a4 Rc3 38. Ke2 f3+ 39. Kd1 Rc8 40. Bxf3 Nxf3 41. Rxf3 1/2-1/2